| Поле | Название | Значение |
| |
Тип записи |
a |
| |
Библиографический уровень |
m |
| 001 |
Контрольный номер |
RU/URAIT/584200 |
| 005 |
Дата корректировки |
20260429163655.7 |
| 008 |
Кодируемые данные |
260429s2026 RU y f j 000 0 rus u |
| 020 |
Индекс ISBN |
__ |
| a |
ISBN |
978-5-534-13091-1 |
| c |
Цена, тираж |
1219.00 |
| 040 |
Источник каталогиз. |
__ |
| a |
Служба первич. каталог. |
ИКО Юрайт |
| c |
Служба, преобразующая запись |
ИКО Юрайт |
| e |
Правила каталог. |
RCR |
| 041 |
Код языка издания |
__ |
| a |
Код языка текста |
rus |
| 044 |
Код страны публикации |
__ |
| a |
Код страны публикации |
RU |
| 080 |
Индекс УДК |
__ |
| a |
Индекс УДК |
630(075.8) |
| 084 |
Индекс другой классификации/Индекс ББК |
__ |
| 2 |
Источник индекса |
rubbk |
| a |
Индекс другой классификации/Индекс ББК |
43.4я73 |
| 100 |
Автор |
__ |
| a |
Автор |
Мерзленко М. Д. |
| q |
Полное имя |
Мерзленко Михаил Дмитриевич |
| 245 |
Заглавие |
__ |
| a |
Заглавие |
Искусственное лесовосстановление |
| b |
Продолж. заглавия |
учебник для вузов |
| c |
Ответственность |
М. Д. Мерзленко, Н. А. Бабич. |
| 250 |
Сведения об издании |
__ |
| g |
|
пер. и доп |
| a |
Основные сведения об издании |
3-е изд. |
| 256 |
Характеристики компьютерного файла |
__ |
| a |
Характеристики компьютерного файла |
Электрон. дан. |
| 260 |
Выходные данные |
__ |
| a |
Место издания |
Москва |
| b |
Издательство |
Юрайт |
| c |
Дата издания |
2026 |
| 300 |
Физическое описание |
__ |
| a |
Объем |
213 с |
| 440 |
Серия |
__ |
| a |
Серия |
Высшее образование |
| 500 |
Примечания |
__ |
| a |
Примечание |
URL: https://urait.ru/bcode/584200 (дата обращения: 29.04.2026). |
| 520 |
Аннотация |
__ |
| a |
Аннотация |
В настоящее время в научном лесоводстве все большее направление получает изучение экологических аспектов искусственных дендроценозов. Этот аспект нашел отражение в данном учебнике. В книге изложены теория и практика лесокультурного дела, основные методы и способы его ведения, рассмотрены современные проблемы искусственного лесовосстановления в России. Соответствует актуальным требованиям Федерального государственного образовательного стандарта высшего образования. Для студентов высших учебных заведений, обучающихся по естественнонаучным направлениям. |
| 538 |
Прим. о системных особенностях |
__ |
| a |
Прим. о системных особенностях |
Режим доступа: Электронно-библиотечная система Юрайт, для авториз. пользователей |
| 653 |
Ключевые слова |
__ |
| a |
Ключевые слова |
Лесное хозяйство |
| 653 |
Ключевые слова |
__ |
| a |
Ключевые слова |
Сельскохозяйственные науки |
| 653 |
Ключевые слова |
__ |
| a |
Ключевые слова |
Лесоводство |
| 653 |
Ключевые слова |
__ |
| a |
Ключевые слова |
Лесовосстановление на вырубках |
| 653 |
Ключевые слова |
__ |
| a |
Ключевые слова |
Лесное хозяйство и лесовосстановление |
| 653 |
Ключевые слова |
__ |
| a |
Ключевые слова |
Искусственное лесовосстановление |
| 653 |
Ключевые слова |
__ |
| a |
Ключевые слова |
Основы лесоводства |
| 653 |
Ключевые слова |
__ |
| a |
Ключевые слова |
Актуальные вопросы лесовосстановления и защитного лесоразведения |
| 653 |
Ключевые слова |
__ |
| a |
Ключевые слова |
Технология лесовосстановительных работ |
| 653 |
Ключевые слова |
__ |
| a |
Ключевые слова |
Лесовосстановление |
| 653 |
Ключевые слова |
__ |
| a |
Ключевые слова |
Современные технологии повышения продуктивности искусственных насаждений |
| 653 |
Ключевые слова |
__ |
| a |
Ключевые слова |
Биотехнологии в лесовосстановлении |
| 700 |
Другие авторы |
__ |
| a |
Другие авторы |
Бабич Н. А. |
| q |
Полное имя |
Бабич Николай Алексеевич |
| 856 |
Электронный адрес документа |
40 |
| n |
Местонахождение сервера |
Юрайт |
| g |
|
Электронная книга |
| q |
Тип электронного формата |
html |
| h |
Имя пользователя |
ЮРАЙТ |
| v |
Часы доступа к ресурсу |
20271231 |
| 2 |
Способ доступа |
Показать документ |
| x |
Служебное примечание |
https://urait.ru/book/cover/BCF133E2-EA9C-4D63-BCA5-D2654D346EC4 |
| u |
URL |
https://urait.ru/bcode/584200 |
| 856 |
Электронный адрес документа |
48 |
| q |
Тип электронного формата |
cover |
| u |
URL |
https://urait.ru/book/cover/BCF133E2-EA9C-4D63-BCA5-D2654D346EC4 |
| 911 |
|
__ |
| u |
|
0030=https://urait.ru/bcode/584200 |
| 911 |
|
__ |
| u |
|
073a=9785534130911 |
| u |
|
073d=1219.00 |
| 911 |
|
__ |
| u |
|
106a=s |
| 911 |
|
__ |
| u |
|
900l= |
| 952 |
Тип литературы |
__ |
| i |
Дисциплина |
Лесоводство |
| 952 |
Тип литературы |
__ |
| i |
Дисциплина |
Лесовосстановление на вырубках |
| 952 |
Тип литературы |
__ |
| i |
Дисциплина |
Лесное хозяйство и лесовосстановление |
| 952 |
Тип литературы |
__ |
| i |
Дисциплина |
Искусственное лесовосстановление |
| 952 |
Тип литературы |
__ |
| i |
Дисциплина |
Основы лесоводства |
| 952 |
Тип литературы |
__ |
| i |
Дисциплина |
Актуальные вопросы лесовосстановления и защитного лесоразведения |
| 952 |
Тип литературы |
__ |
| i |
Дисциплина |
Технология лесовосстановительных работ |
| 952 |
Тип литературы |
__ |
| i |
Дисциплина |
Лесовосстановление |
| 952 |
Тип литературы |
__ |
| i |
Дисциплина |
Современные технологии повышения продуктивности искусственных насаждений |
| 952 |
Тип литературы |
__ |
| i |
Дисциплина |
Биотехнологии в лесовосстановлении |